000 00650nmm a2200253 a 4500
003 AR-BaBNM
005 20251128202911.0
008 296019s1944 ||||||||||||||000 | spa||
040 _cAR-BaBNM
100 1 _aChaves, Julio César
245 1 0 _aCastelli
_bel adalid de Mayo
260 _aBuenos Aires
_bAyacucho
_c1944
300 0 _a345 p.
504 _aBibliografĂ­a: p. 337-345
650 4 _aHISTORIA ARGENTINA
650 4 _aBIOGRAFIAS
650 4 _aREVOLUCION DE MAYO
650 4 _aINVASIONES INGLESAS
650 4 _aSEMANA DE MAYO
650 4 _aGUERRAS DE LA INDEPENDENCIA
655 _aBIOGRAFIAS
942 _cBK
998 _cEnrique
999 _c1115
_d1115